| 000 | 00947nam a2200217Ia 4500 | ||
|---|---|---|---|
| 999 |
_c37428 _d37428 |
||
| 001 | 3387 | ||
| 003 | GE_BSU | ||
| 005 | 20190607212538.0 | ||
| 008 | 181216s1959|||| |||||||||||||| ||geo|| | ||
| 040 | _cGE_BSU | ||
| 041 | _ageo | ||
| 080 | _a621.1(075.8) ლ–81 | ||
| 100 |
_aლომინაძე, შ.პ. _92281 |
||
| 245 |
_aზოგადი თბოტექნიკა : სახელმძღ. / _c შ.პ. ლომინაძე, ; ი. ა. ტურაშვილი ; რედ : შ.პ.ლომინაძე. |
||
| 264 |
_aთბილისი : _bსაქ. სას.–სამ. ინ–ტის გამ-ბა, _c1959. |
||
| 300 |
_a520 გვ.: _bილ. _c27 სმ. |
||
| 653 | _aზოგადი თბოტექნიკა | ||
| 700 |
_aტურაშვილი,ი.ა. _92316 |
||
| 700 |
_aლომინაძე, შ.პ. _eრედაქტორი _92281 |
||
| 942 |
_cBK _2udc |
||